Indicadores psicopatológicos en técnicas proyectivas

Shranjeno v:
Bibliografske podrobnosti
Glavni avtor: Grassano, Elsa (Author)
Format: Knjiga
Jezik:španščina
Izdano: Buenos Aires Nueva Visión 1984
Izdaja:1a. ed
Serija:Psicología Contemporánea
Teme:
Oznake: Označite
Brez oznak, prvi označite!

MARC

LEADER 00000nam a2200000 a 4500
001 UCK7725
003 CL-VaPUC
008 051209e19840000AG |||||||||||||||||spa|d
020 |a 9506020035 
082 0 4 |a 616.89  |b GRA  |2 21 
100 |a Grassano, Elsa  |e author  |9 497302 
245 1 0 |a Indicadores psicopatológicos en técnicas proyectivas 
250 |a 1a. ed 
300 |a 580 p 
942 |c BK 
945 |d 20051209 00:00:00  |a cmena 
260 |a Buenos Aires  |b Nueva Visión  |c 1984 
650 0 |a Psicología clínica  |9 307259 
650 0 |a Psicodiágnóstico  |9 312779 
650 0 |a Tests psicológicos  |9 308644 
650 0 |a Trastornos de la personalidad   |9 307698 
583 |a last modification  |c 20051209 00:00:00  |k Rodrigo Vera 
490 0 |a Psicología Contemporánea 
999 |c 315575  |d 315573 
952 |0 0  |1 0  |4 0  |6 616_890000000000000_GRA_1984  |7 0  |8 A  |9 388952  |a BIBEDU  |b BIBEDU  |c ES_NOD  |d 2019-11-22  |i 4182669  |o 616.89 GRA 1984  |p 4182669  |r 2023-08-09  |w 2019-11-22  |y BK  |k PSI